[Event "Catalunya-chT Gp1"]
[Site "Barcelona"]
[Date "2024.02.10"]
[Round "4.9"]
[White "Fernandez Goyanes, Francesc X"]
[Black "Moreno Sanchis, Jordi Alex"]
[Result "0-1"]
[WhiteElo "2048"]
[BlackElo "2216"]
[PlyCount "76"]
[EventDate "2024.01.20"]
[EventType "team-tourn"]
[EventRounds "7"]
[EventCountry "ESP"]
[SourceTitle "CB11_2024"]
[SourceDate "2024.03.13"]
[SourceVersion "1"]
[SourceVersionDate "2024.03.13"]
[SourceQuality "1"]
[WhiteTeam "Tres Peons"]
[BlackTeam "Ateneu Colon"]
[WhiteTeamCountry "ESP"]
[BlackTeamCountry "ESP"]

1. d4 Nf6 2. Nc3 d5 3. Bf4 Bf5 4. f3 e6 5. g4 Bg6 6. h4 h6 7. e3 Bd6 8. Nge2 Nbd7 9. Bxd6 cxd6 10. Nf4 Bh7 11. Bd3 Qb6 12. Rb1 0-0-0 13. Bxh7 Rxh7 14. Qd3 Rhh8 15. h5 Qc6 16. Kf2 Rhe8 17. Qb5 Qc7 18. Nce2 Nb6 19. b3 e5 20. Ng2 e4 21. c4 Qe7 22. Ng3 exf3 23. Kxf3 Qe6 24. Rh4 Ne4 25. Rbh1 Qf6+ 26. Nf5 g6 27. hxg6 fxg6 28. Rxh6 Qf7 29. Rh7 Ng5+ 30. Kg3 Nxh7 31. Rxh7 Qxh7 32. Nxd6+ Rxd6 33. Qxe8+ Rd8 34. Qe6+ Qd7 35. Qxd7+ Kxd7 36. c5 Nc8 37. Nf4 Ne7 38. Nd3 Ke6 0-1

[Event "Catalunya-chT Gp2"]
[Site "Barcelona"]
[Date "2022.01.22"]
[Round "1.5"]
[White "Bru Rullo, Llatzer"]
[Black "Moreno Sanchis, Jordi Alex"]
[Result "0-1"]
[WhiteElo "2255"]
[BlackElo "2236"]
[PlyCount "94"]
[EventDate "2022.01.22"]
[EventType "team-tourn"]
[EventRounds "9"]
[EventCountry "ESP"]
[SourceTitle "CBM 206 Extra"]
[Source "ChessBase"]
[SourceDate "2022.03.31"]
[SourceVersion "1"]
[SourceVersionDate "2022.03.31"]
[SourceQuality "1"]
[WhiteTeam "Cerdanyola Valles"]
[BlackTeam "Colon Ateneu"]
[WhiteTeamCountry "ESP"]
[BlackTeamCountry "ESP"]

1. d4 g6 2. c4 Bg7 3. Nf3 d6 4. Nc3 e5 5. e4 exd4 6. Nxd4 Ne7 7. h4 Nbc6 8. Be3 h5 9. Qd2 a6 10. Be2 b6 11. Nd5 f6 12. 0-0-0 Ne5 13. f4 Ng4 14. Bxg4 Bxg4 15. Rde1 c5 16. Nf3 0-0 17. f5 gxf5 18. Bh6 fxe4 19. Rxe4 Nxd5 20. Qxd5+ Kh7 21. Bxg7 Kxg7 22. Rhe1 Ra7 23. Nh2 f5 24. Re6 Qxh4 25. Qxd6 Qg5+ 26. Kb1 f4 27. Nxg4 hxg4 28. R1e5 Rf5 29. Qb8 Raf7 30. Re8 Rxe5 31. Rg8+ Kh6 32. Rxg5 Rxg5 33. Qh8+ Kg6 34. Qg8+ Kf6 35. Qd8+ Kf5 36. Qd5+ Kg6 37. Qd3+ Kg7 38. Qd8 Rg6 39. Qd5 f3 40. Qe5+ Rff6 41. Qc7+ Kh6 42. Qh2+ Kg5 43. Qe5+ Rf5 44. Qe3+ Kh4 45. Qe7+ Kg3 46. gxf3 gxf3 47. Qe4 Rgg5 0-1

[Event "Catalunya-chT Gp2"]
[Site "Barcelona"]
[Date "2020.01.18"]
[Round "1.5"]
[White "San Pedro Lopez, Karen"]
[Black "Moreno Sanchis, Jordi Alex"]
[Result "0-1"]
[WhiteElo "2171"]
[BlackElo "2224"]
[PlyCount "94"]
[EventDate "2020.01.18"]
[EventType "team-tourn"]
[EventRounds "7"]
[EventCountry "ESP"]
[SourceTitle "CBM 194 Extra"]
[Source "ChessBase"]
[SourceDate "2020.03.31"]
[SourceVersion "1"]
[SourceVersionDate "2020.03.31"]
[SourceQuality "1"]
[WhiteTeam "Salauris"]
[BlackTeam "Colon Ateneu"]
[WhiteTeamCountry "ESP"]
[BlackTeamCountry "ESP"]

1. d4 g6 2. c4 Bg7 3. g3 d6 4. Nf3 e5 5. Nc3 exd4 6. Nxd4 Nc6 7. Nxc6 bxc6 8. Bg2 Ne7 9. 0-0 0-0 10. Bg5 f6 11. Bf4 Rb8 12. Qc2 c5 13. Rad1 Be6 14. Nb5 Nc8 15. Qa4 a6 16. Qxa6 Bxc4 17. Bd5+ Bxd5 18. Rxd5 c6 19. Rxd6 Nxd6 20. Nxd6 Qd7 21. Qc4+ Kh8 22. Nf7+ Qxf7 23. Qxf7 Rxf7 24. Bxb8 Rb7 25. Bf4 Rxb2 26. Rd1 Bf8 27. Rd2 Rb4 28. Kg2 Kg8 29. Kf3 Ra4 30. Be3 Kf7 31. Rc2 c4 32. g4 Ke6 33. Ke4 f5+ 34. Kf3 fxg4+ 35. Kxg4 c3+ 36. Kf3 Bg7 37. Bc1 Kd5 38. Be3 Kc4 39. Ke4 Ra8 40. Bf4 Bd4 41. Kf3 Rf8 42. Ke4 Bxf2 43. Be5 Be1 44. Bf4 Re8+ 45. Be5 Bd2 46. e3 Re7 47. h4 h5 0-1

[Event "Catalunya-chT"]
[Site "Barcelona"]
[Date "2011.03.26"]
[Round "9.2"]
[White "Moreno Sanchis, Jordi Alex"]
[Black "Vila Gazquez, Xavier"]
[Result "1-0"]
[WhiteElo "2291"]
[BlackElo "2488"]
[PlyCount "93"]
[EventDate "2011.01.29"]
[EventType "team-tourn"]
[EventRounds "11"]
[EventCountry "ESP"]
[SourceTitle "EXT 2012"]
[Source "ChessBase"]
[SourceDate "2011.11.24"]
[SourceVersion "1"]
[SourceVersionDate "2011.11.24"]
[SourceQuality "1"]
[WhiteTeam "Ateneu Colon"]
[BlackTeam "UGA"]
[WhiteTeamCountry "ESP"]
[BlackTeamCountry "ESP"]

1. g3 d5 2. Bg2 Bf5 3. Nf3 c6 4. d3 e6 5. 0-0 h6 6. b3 Nf6 7. Bb2 Be7 8. Qe1 0-0 9. Nbd2 a5 10. e4 Bh7 11. a4 Na6 12. Ne5 Qc7 13. f4 b5 14. Kh1 Nb4 15. Rc1 Rab8 16. c3 Na6 17. c4 bxc4 18. exd5 cxd5 19. dxc4 Nc5 20. cxd5 exd5 21. Bd4 Rb4 22. Qe3 Rxd4 23. Qxd4 Rb8 24. Nd3 Bxd3 25. Qxd3 Qb6 26. Qd4 Qd6 27. Rfe1 Bf8 28. Qe5 Nd3 29. Qxd6 Bxd6 30. Red1 Nxc1 31. Rxc1 Ba3 32. Rc7 d4 33. Bf1 Bb4 34. Nc4 Rd8 35. Bd3 Nd5 36. Ra7 Bc3 37. Ne5 Nb4 38. Bc4 d3 39. Nxf7 Rb8 40. Ne5+ Kh8 41. Nxd3 Nxd3 42. Bxd3 g5 43. Rh7+ Kg8 44. Rxh6 gxf4 45. gxf4 Rxb3 46. Rc6 Ra3 47. Bc2 1-0

[Event "Catalunya-chT"]
[Site "Barcelona"]
[Date "2011.02.26"]
[Round "5"]
[White "Moreno Sanchis, Jordi Alex"]
[Black "Lopez Martinez, Josep Manuel"]
[Result "1/2-1/2"]
[WhiteElo "2291"]
[BlackElo "2528"]
[PlyCount "40"]
[EventDate "2011.01.29"]
[EventType "team-tourn"]
[EventRounds "11"]
[EventCountry "ESP"]
[SourceTitle "EXT 2012"]
[Source "ChessBase"]
[SourceDate "2011.11.24"]
[SourceVersion "1"]
[SourceVersionDate "2011.11.24"]
[SourceQuality "1"]
[WhiteTeam "Ateneu Colon"]
[BlackTeam "Colon Sabadell"]
[WhiteTeamCountry "ESP"]
[BlackTeamCountry "ESP"]

1. g3 e5 2. Bg2 Nf6 3. d3 d5 4. Nf3 Nc6 5. 0-0 Be7 6. a3 a5 7. e4 dxe4 8. dxe4 Qxd1 9. Rxd1 Bg4 10. Re1 Nd7 11. Nc3 Bxf3 12. Bxf3 Nd4 13. Bd1 c6 14. Be3 Bc5 15. Na4 Ba7 16. c3 Ne6 17. b3 Bxe3 18. Rxe3 Ke7 19. Bc2 Rhd8 20. Rd1 Ndc5 1/2-1/2

[Event "Catalunya-chT"]
[Site "Barcelona"]
[Date "2011.02.19"]
[Round "4.2"]
[White "Cuartas, Jaime Alexander"]
[Black "Moreno Sanchis, Jordi Alex"]
[Result "1/2-1/2"]
[WhiteElo "2537"]
[BlackElo "2291"]
[PlyCount "38"]
[EventDate "2011.01.29"]
[EventType "team-tourn"]
[EventRounds "11"]
[EventCountry "ESP"]
[SourceTitle "EXT 2012"]
[Source "ChessBase"]
[SourceDate "2011.11.24"]
[SourceVersion "1"]
[SourceVersionDate "2011.11.24"]
[SourceQuality "1"]
[WhiteTeam "Montcada"]
[BlackTeam "Ateneu Colon"]
[WhiteTeamCountry "ESP"]
[BlackTeamCountry "ESP"]

1. e4 g6 2. d4 Bg7 3. Nc3 d6 4. Be2 a6 5. a4 Nc6 6. d5 Nd4 7. Bc4 e5 8. dxe6 Bxe6 9. Bxe6 Nxe6 10. Nge2 Ne7 11. 0-0 0-0 12. Qd3 Nc6 13. Bf4 Nb4 14. Qd1 Nc5 15. Be3 Re8 16. Bxc5 dxc5 17. Qc1 Qe7 18. e5 f6 19. Ne4 Rad8 1/2-1/2

[Event "Catalunya-chT Honor"]
[Site "Catalunya"]
[Date "2009.02.01"]
[Round "1"]
[White "Moreno Sanchis, Jordi Alex"]
[Black "Fluvia Poyatos, Joan"]
[Result "1/2-1/2"]
[WhiteElo "2290"]
[BlackElo "2467"]
[PlyCount "29"]
[EventDate "2009.02.01"]
[EventType "team-tourn"]
[EventRounds "9"]
[EventCountry "ESP"]
[SourceTitle "EXT 2019"]
[Source "ChessBase"]
[SourceDate "2018.10.10"]
[SourceVersion "1"]
[SourceVersionDate "2018.10.10"]
[SourceQuality "1"]
[WhiteTeam "Ateneu Colon"]
[BlackTeam "Barcelona UGA"]
[WhiteTeamCountry "ESP"]
[BlackTeamCountry "ESP"]

1. c4 e5 2. Nc3 Nc6 3. Nf3 Nf6 4. d4 exd4 5. Nxd4 Bc5 6. e3 0-0 7. Be2 a5 8. 0-0 Re8 9. b3 d5 10. Nxc6 bxc6 11. Bf3 Ba6 12. Qc2 Qe7 13. Bb2 Rad8 14. Ne2 a4 15. Bxf6 1/2-1/2

[Event "FRA-chT2D 0506"]
[Site "France"]
[Date "2005.11.19"]
[Round "2.4"]
[White "Perisse, Loic"]
[Black "Moreno Sanchis, Jordi Alex"]
[Result "1-0"]
[WhiteElo "2077"]
[BlackElo "2321"]
[PlyCount "47"]
[EventDate "2005.10.27"]
[EventType "team-tourn"]
[EventRounds "11"]
[EventCountry "FRA"]
[SourceTitle "EXT 2006"]
[Source "ChessBase"]
[SourceDate "2005.11.24"]
[SourceVersion "1"]
[SourceVersionDate "2005.11.24"]
[SourceQuality "1"]
[WhiteTeam "Gueugnon"]
[BlackTeam "Chalon"]
[WhiteTeamCountry "FRA"]
[BlackTeamCountry "FRA"]

1. d4 g6 2. e4 Bg7 3. Nc3 c6 4. Be3 d6 5. Qd2 b5 6. f3 Nd7 7. g4 Nb6 8. h4 h5 9. g5 Nc4 10. Bxc4 bxc4 11. Nge2 Rb8 12. b3 Qa5 13. 0-0 Qa6 14. Bf4 Bh3 15. Rfd1 Rd8 16. Qe3 Bc8 17. d5 cxd5 18. Nxd5 Kf8 19. e5 e6 20. Nf6 Qb6 21. Qxb6 axb6 22. Nd4 Ba6 23. Nc6 Rc8 24. Rxd6 1-0

[Event "FRA-chT2 0405"]
[Site "France"]
[Date "2004.11.06"]
[Round "2.3"]
[White "Moreno Sanchis, Jordi Alex"]
[Black "Staeger, Pascal"]
[Result "1-0"]
[WhiteElo "2298"]
[BlackElo "2132"]
[PlyCount "91"]
[EventDate "2004.10.10"]
[EventType "team"]
[EventRounds "11"]
[EventCountry "FRA"]
[SourceTitle "EXT 2006"]
[Source "ChessBase"]
[SourceDate "2005.11.24"]
[SourceVersion "1"]
[SourceVersionDate "2005.11.24"]
[SourceQuality "1"]

1. g3 d5 2. Bg2 Nf6 3. Nf3 e6 4. 0-0 Bd6 5. d3 0-0 6. Nbd2 c6 7. e4 Nbd7 8. Re1 e5 9. c3 Re8 10. Qc2 dxe4 11. dxe4 Qe7 12. b4 b5 13. Nh4 Qf8 14. Nf1 c5 15. bxc5 Bxc5 16. Ne3 Nb6 17. Nhf5 Be6 18. g4 Rac8 19. Qe2 b4 20. g5 Nfd7 21. cxb4 Bxb4 22. Bd2 Nc4 23. Bxb4 Qxb4 24. Nd5 Bxd5 25. exd5 g6 26. Rab1 Qa5 27. Nh6+ Kg7 28. Rec1 Nd2 29. Ra1 Qb4 30. Qg4 Qb2 31. Rd1 f5 32. gxf6+ Nxf6 33. Nf5+ Kh8 34. Qh4 Nh5 35. Nd6 Rb8 36. Qg5 Nf4 37. Qf6+ Kg8 38. Nf7 h5 39. Nxe5 Rf8 40. Qd6 Qd4 41. Nc6 Qc3 42. Nxb8 Rf6 43. Qe7 Nxg2 44. Rac1 Qh3 45. Qe8+ Kh7 46. Qd7+ 1-0

[Event "Catalunya-chT DH"]
[Site "Spain"]
[Date "2004.??.??"]
[Round "4"]
[White "Moreno Sanchis, Jordi Alex"]
[Black "Fluvia Poyatos, Joan"]
[Result "1/2-1/2"]
[WhiteElo "2301"]
[BlackElo "2450"]
[PlyCount "42"]
[EventDate "2004.??.??"]
[EventType "team"]
[EventRounds "9"]
[EventCountry "ESP"]
[SourceTitle "EXT 2007"]
[Source "ChessBase"]
[SourceDate "2006.11.23"]
[SourceVersion "1"]
[SourceVersionDate "2006.11.23"]
[SourceQuality "1"]

1. g3 e5 2. Bg2 Nf6 3. d3 Bc5 4. Nf3 d6 5. 0-0 h6 6. c4 0-0 7. d4 exd4 8. Nxd4 c6 9. Nc3 Re8 10. h3 a5 11. e4 a4 12. Be3 a3 13. b3 Bb4 14. Nde2 Nbd7 15. Qc2 Nc5 16. Rad1 Qe7 17. f3 b6 18. Bf4 Ne6 19. Be3 Nc5 20. Bf4 Ne6 21. Be3 Nc5 1/2-1/2

[Event "Catalunya-chT DH"]
[Site "Spain"]
[Date "2004.??.??"]
[Round "3"]
[White "Moreno Sanchis, Jordi Alex"]
[Black "Granados Gomez, Manuel"]
[Result "0-1"]
[WhiteElo "2301"]
[BlackElo "2396"]
[PlyCount "116"]
[EventDate "2004.??.??"]
[EventType "team"]
[EventRounds "9"]
[EventCountry "ESP"]
[SourceTitle "EXT 2007"]
[Source "ChessBase"]
[SourceDate "2006.11.23"]
[SourceVersion "1"]
[SourceVersionDate "2006.11.23"]
[SourceQuality "1"]

1. d4 d5 2. Nf3 Nf6 3. c4 e6 4. Nc3 Be7 5. cxd5 exd5 6. Bg5 h6 7. Bxf6 Bxf6 8. e3 0-0 9. Bd3 b6 10. Qc2 c6 11. 0-0 Bb7 12. Rfd1 Na6 13. a3 Nc7 14. Rac1 Qe7 15. Ne2 Ne6 16. b4 a5 17. Qb1 axb4 18. Qxb4 b5 19. Ne5 Rfc8 20. Rc3 Ra4 21. Qxe7 Bxe7 22. Ra1 b4 23. Rb3 Ba6 24. Bxa6 Rxa6 25. a4 Rca8 26. Rc1 Nd8 27. g3 f6 28. Nd3 Rxa4 29. Rcb1 Ra3 30. Nec1 Rxb3 31. Nxb3 Ne6 32. Nbc5 Bxc5 33. dxc5 Ra5 34. Rxb4 Nxc5 35. Rb8+ Kh7 36. Nxc5 Rxc5 37. Rb7 f5 38. Kg2 Rc2 39. Kf3 Kg6 40. h4 h5 41. Rd7 Kf6 42. Rd6+ Ke5 43. Rg6 c5 44. Rxg7 c4 45. Rg8 Ra2 46. Rd8 Ke6 47. Kg2 Rd2 48. Kf3 Ke5 49. Rd7 c3 50. Rc7 c2 51. Rc8 Kd6 52. Kg2 d4 53. exd4 Kd5 54. Kf3 Kxd4 55. Rd8+ Kc3 56. Rc8+ Kb2 57. Rb8+ Kc1 58. Ke3 Kd1 0-1

[Event "Catalunya-chT"]
[Site "Spain"]
[Date "2003.??.??"]
[Round "7"]
[White "Moreno Sanchis, Jordi Alex"]
[Black "Jerez Perez, Alfonso"]
[Result "1/2-1/2"]
[WhiteElo "2334"]
[BlackElo "2404"]
[PlyCount "45"]
[EventDate "2003.??.??"]
[EventType "team"]
[EventRounds "9"]
[EventCountry "ESP"]
[SourceTitle "EXT 2007"]
[Source "ChessBase"]
[SourceDate "2006.11.23"]
[SourceVersion "1"]
[SourceVersionDate "2006.11.23"]
[SourceQuality "1"]

1. c4 Nf6 2. Nc3 d5 3. cxd5 Nxd5 4. Nf3 c5 5. d4 cxd4 6. Qxd4 Nxc3 7. Qxc3 Nc6 8. e4 e6 9. Bb5 Qb6 10. Bxc6+ Qxc6 11. Qxc6+ bxc6 12. 0-0 Ba6 13. Rd1 Be2 14. Rd2 Bxf3 15. gxf3 Bb4 16. Rc2 0-0-0 17. Bg5 f6 18. Rxc6+ Kb7 19. Rc4 Bd2 20. Bxd2 Rxd2 21. Rb4+ Ka8 22. Rc1 Rb8 23. Ra4 1/2-1/2

[Event "ESP-chT Div 2"]
[Site "Cala Galdana"]
[Date "1999.11.14"]
[Round "7"]
[White "Moreno Sanchis, Jordi Alex"]
[Black "Valles Moreno, Ivan"]
[Result "1/2-1/2"]
[WhiteElo "2316"]
[BlackElo "2175"]
[PlyCount "61"]
[EventDate "1999.11.08"]
[EventType "team"]
[EventRounds "9"]
[EventCountry "ESP"]
[SourceTitle "CBM 073 Extra"]
[Source "ChessBase"]
[SourceDate "2000.01.11"]
[SourceVersion "1"]
[SourceVersionDate "2000.01.11"]
[SourceQuality "1"]

1. Nf3 d5 2. c4 e6 3. g3 c5 4. Bg2 Nc6 5. 0-0 Nf6 6. cxd5 exd5 7. d4 Be7 8. Nc3 0-0 9. Bg5 cxd4 10. Nxd4 h6 11. Be3 Be6 12. Rc1 Qd7 13. Re1 Rfe8 14. a3 Bh3 15. Nxc6 bxc6 16. Na4 Bxg2 17. Kxg2 Ne4 18. f3 Bg5 19. Nc5 Nxc5 20. Bxg5 hxg5 21. Rxc5 Re6 22. Qd4 Rae8 23. e3 Rh6 24. Rh1 Qh3+ 25. Kf2 Rf6 26. Rc3 Qf5 27. Qd1 Rb8 28. b3 Qe5 29. Qd4 Qf5 30. Qd1 Qe5 31. Qd4 1/2-1/2

[Event "La Pobla de Lillet op"]
[Site "La Pobla de Lillet"]
[Date "1998.??.??"]
[Round "9"]
[White "Mayer, Rene"]
[Black "Moreno Sanchis, Jordi Alex"]
[Result "1-0"]
[WhiteElo "2165"]
[BlackElo "2315"]
[PlyCount "99"]
[EventDate "1998.??.??"]
[EventType "swiss"]
[EventRounds "9"]
[EventCountry "ESP"]
[SourceTitle "EXT 2004"]
[Source "ChessBase"]
[SourceDate "2003.11.25"]
[SourceVersion "1"]
[SourceVersionDate "2003.11.25"]
[SourceQuality "1"]

1. c4 g6 2. d4 Bg7 3. Nf3 d6 4. Nc3 e5 5. e3 Nd7 6. Be2 Ngf6 7. 0-0 0-0 8. dxe5 dxe5 9. Qc2 Re8 10. Rd1 c6 11. b3 e4 12. Nd2 Qe7 13. Bb2 Nf8 14. h3 h5 15. Rab1 Bf5 16. Bf1 Rad8 17. Ne2 g5 18. b4 N8d7 19. c5 Ne5 20. Bxe5 Qxe5 21. Nc4 Qc7 22. Nd6 Re5 23. f4 exf3 24. Nxf5 fxe2 25. Bxe2 Rxd1+ 26. Rxd1 Rd5 27. Rxd5 Nxd5 28. Bxh5 Qe5 29. Qd3 Qa1+ 30. Kf2 Qb2+ 31. Kf3 Qxb4 32. e4 Qc3 33. Qxc3 Nxc3 34. Nd6 Bd4 35. Bxf7+ Kf8 36. Bb3 Bxc5 37. Nxb7 Ba3 38. Na5 c5 39. Nc4 Bc1 40. Ne5 Ke7 41. Nd3 Ba3 42. e5 a5 43. Kg4 a4 44. Bc4 Ne4 45. Kf5 Nd2 46. Bb5 c4 47. Ne1 Bc5 48. Bxa4 Bf2 49. Nc2 Nb1 50. Bb5 1-0

[Event "La Pobla de Lillet op"]
[Site "La Pobla de Lillet"]
[Date "1998.??.??"]
[Round "8"]
[White "Moreno Sanchis, Jordi Alex"]
[Black "Del Valle Domenech, Rafael"]
[Result "1/2-1/2"]
[WhiteElo "2315"]
[BlackElo "2190"]
[PlyCount "42"]
[EventDate "1998.??.??"]
[EventType "swiss"]
[EventRounds "9"]
[EventCountry "ESP"]
[SourceTitle "EXT 2004"]
[Source "ChessBase"]
[SourceDate "2003.11.25"]
[SourceVersion "1"]
[SourceVersionDate "2003.11.25"]
[SourceQuality "1"]

1. d4 Nf6 2. Nc3 d5 3. Bg5 Nbd7 4. f3 c6 5. Qd2 e5 6. dxe5 Nxe5 7. e4 Bb4 8. exd5 Qxd5 9. Nxd5 Bxd2+ 10. Kxd2 Nxd5 11. c4 Ne7 12. Re1 f6 13. Be3 Kf7 14. h3 Nf5 15. Bf2 b5 16. cxb5 cxb5 17. f4 Rd8+ 18. Kc2 Nc4 19. Bxc4+ bxc4 20. Nf3 Bb7 21. Rd1 Be4+ 1/2-1/2

[Event "Catalunya-chT"]
[Site "Spain"]
[Date "1997.??.??"]
[Round "9"]
[White "De la Riva Aguado, Jorge"]
[Black "Moreno Sanchis, Jordi Alex"]
[Result "1/2-1/2"]
[WhiteElo "2275"]
[BlackElo "2360"]
[PlyCount "31"]
[EventDate "1997.??.??"]
[EventType "team"]
[EventRounds "9"]
[EventCountry "ESP"]
[SourceTitle "EXT 2002"]
[Source "ChessBase"]
[SourceDate "2001.11.25"]
[SourceVersion "1"]
[SourceVersionDate "2001.11.25"]
[SourceQuality "1"]

1. e4 d5 2. exd5 Qxd5 3. Nc3 Qa5 4. Bc4 Nf6 5. Nge2 Bg4 6. 0-0 c6 7. d4 e6 8. f3 Bf5 9. Ng3 Bg6 10. Bd3 Be7 11. Nce4 Nbd7 12. c3 0-0 13. Nxf6+ Nxf6 14. Bxg6 hxg6 15. Qb3 Qc7 16. Re1 1/2-1/2